Zespoły NBA - Statystyki

Ogólne statystyki
  • Ten quiz został rozwiązany 1 728 razy
  • Średni wynik to 18 z 30
Statystyki odpowiedzi
Hint Odpowiedź % Poprawnych
Los Angeles Lakers
95%
Chicago Bulls
84%
Boston Celtics
81%
Golden State Warriors
78%
San Antonio Spurs
76%
Miami Heat
73%
Los Angeles Clippers
71%
Milwaukee Bucks
68%
Denver Nuggets
66%
Brooklyn Nets
64%
New York Knicks
64%
Dallas Mavericks
62%
Phoenix Suns
61%
Toronto Raptors
61%
Orlando Magic
60%
Washington Wizards
60%
Houston Rockets
58%
Atlanta Hawks
56%
Charlotte Hornets
55%
Sacramento Kings
55%
Utah Jazz
55%
Detroit Pistons
54%
Philadelphia 76ers
54%
Oklahoma City Thunder
52%
Cleveland Cavaliers
51%
Minnesota Timberwolves
51%
Indiana Pacers
50%
Memphis Grizzlies
49%
New Orleans Pelicans
47%
Portland Trail Blazers
37%
Nie znaleziono quizów pasujących do podanych kryteriów
Rozkład punktacji
Procent ludzi z każdym wynikiem
Percentyl według liczby udzielonych odpowiedzi
Twoja historia wyników
Nie rozwiązałeś tego quizu